Postkomunismus a demokracie politika ve středovýchodní Evropě

Salvato in:
Dettagli Bibliografici
Autore principale: Kubát, Michal
Natura: Libro
Lingua:ceco
Pubblicazione: Praha Dokořán 2003
Soggetti:
Tags: Aggiungi Tag
Nessun Tag, puoi essere il primo ad aggiungerne!!

MARC

LEADER 00000nam$a2200000$$$4500
001 0027297
005 20240306141611.1
020 |a 80-86569-47-0 
041 0 |a cze 
044 |a CZ 
245 1 0 |a Postkomunismus a demokracie  |b politika ve středovýchodní Evropě  |c Michal Kubát 
264 1 |a Praha  |b Dokořán  |c 2003 
300 |a 125 s. 
610 2 0 |a politika 
610 2 0 |a demokracia 
610 2 0 |a SVE 
610 2 0 |a Európa 
610 2 0 |a systémy politické 
610 2 0 |a voľby 
610 2 0 |a vláda 
610 2 0 |a strany politické 
100 1 |a Kubát, Michal